Score 0/21 Timer 02:00
1 Play Today
Rung % Correct
TEAR
98.4%
TEAM
95.9%
FEAR
95.5%
TERM
90.3%
HATE
90.1%
CATS
87.6%
HATS
86.3%
CUTS
86%
DOVE
80.8%
LOVE
80.3%
DOTS
77.4%
Rung % Correct
MORE
74.5%
DOTE
71.6%
BERG
71.5%
BERM
66.6%
BORE
56.6%
ROTS
55.8%
RUTS
54.4%
BORG
50.5%
HOPE
39.5%
MOPE
38.5%

Today's Daily Dose

Remove Ads.
Support Sporcle.
Get the best of Sporcle when you Go Orange. This ad-free experience offers more features, more stats, and more fun while also helping to support Sporcle. Thank you for becoming a member.

You're not logged in!

Compare scores with friends on all Sporcle quizzes.
OR
Log In

Show Comments

Extras

Top Quizzes Today


Score Distribution

Your Account Isn't Verified!

In order to create a playlist on Sporcle, you need to verify the email address you used during registration. Go to your Sporcle Settings to finish the process.

Report this User

Report this user for behavior that violates our Community Guidelines.

Details: